[Event "Memorial Urbanec Miroslav"]
[Site "?"]
[Date "2009.??.??"]
[Round "?"]
[White "Canibal, Jaromír"]
[Black "Cvak, Rudolf"]
[Result "0-1"]
[WhiteElo "2354"]
[BlackElo "2322"]
[PlyCount "26"]
[EventDate "2009.??.??"]
[EventType "corr"]
[SourceDate "2004.06.03"]

1. e4 c5 2. c3 Nf6 3. e5 Nd5 4. Nf3 Nc6 5. d4 d6 6. dxc5 dxe5 7. Bb5 f6 8. O-O
e6 9. c4 Ndb4 10. a3 Nd3 11. b4 a5 12. Ra2 Nxc1 13. Nc3 Nxa2 0-1

[Event "Memorial Urbanec Miroslav"]
[Site "?"]
[Date "2009.??.??"]
[Round "?"]
[White "Canibal, Jaromír"]
[Black "Kýhos, Alois"]
[Result "1-0"]
[WhiteElo "2354"]
[BlackElo "2402"]
[PlyCount "95"]
[EventDate "2009.??.??"]
[EventType "corr"]
[SourceDate "2004.06.03"]

1. e4 e5 2. Nf3 Nc6 3. Bb5 a6 4. Ba4 Nf6 5. O-O Be7 6. Re1 O-O 7. Bxc6 dxc6 8.
Nxe5 Qd4 9. Nf3 Qb6 10. d4 Be6 11. Qd3 Qb5 12. h3 Qxd3 13. cxd3 Rfd8 14. Nc3 h6
15. Bf4 Rd7 16. Rec1 Ne8 17. Na4 f6 18. Nc5 Bxc5 19. Rxc5 g5 20. Be3 Kf7 21. a4
Nd6 22. Nd2 Rg8 23. Rac1 Re7 24. d5 Bd7 25. dxc6 Bxc6 26. b3 Rd8 27. f3 f5 28.
Bf2 Kg6 29. Rxc6 bxc6 30. Rxc6 Kf7 31. Rxa6 Ne8 32. d4 fxe4 33. fxe4 Rd6 34.
Ra8 Rdd7 35. b4 g4 36. Nb3 Rxe4 37. Nc5 Rexd4 38. Nxd7 Rxd7 39. a5 Nf6 40. Rc8
Ne4 41. Bh4 Rd1+ 42. Kh2 gxh3 43. Rxc7+ Ke6 44. a6 hxg2 45. Kxg2 Ra1 46. a7 Kd6
47. Bd8 Ra2+ 48. Kf1 1-0

[Event "Memorial Urbanec Miroslav"]
[Site "?"]
[Date "2009.??.??"]
[Round "?"]
[White "Canibal, Jaromír"]
[Black "Novák, Vratislav"]
[Result "0-1"]
[WhiteElo "2354"]
[BlackElo "2311"]
[PlyCount "20"]
[EventDate "2009.??.??"]
[EventType "corr"]
[SourceDate "2004.06.03"]

1. e4 c6 2. d4 d5 3. exd5 cxd5 4. c4 Nf6 5. Nc3 Nc6 6. Nf3 Bg4 7. cxd5 Nxd5 8.
Be2 e6 9. O-O Bb4 10. Be3 Bxc3 0-1

[Event "Memorial Urbanec Miroslav"]
[Site "?"]
[Date "2009.??.??"]
[Round "?"]
[White "Canibal, Jaromír"]
[Black "Pravec, Ladislav"]
[Result "1/2-1/2"]
[WhiteElo "2354"]
[BlackElo "2324"]
[PlyCount "94"]
[EventDate "2009.??.??"]
[EventType "corr"]
[SourceDate "2004.06.03"]

1. e4 c5 2. c3 d5 3. exd5 Qxd5 4. d4 Nf6 5. Nf3 e6 6. Na3 Bd7 7. Nb5 Na6 8. Be3
cxd4 9. Qxd4 Be7 10. Ne5 Bxb5 11. Qxd5 Nxd5 12. Bxb5+ Kf8 13. Nd7+ Kg8 14. Bxa6
bxa6 15. Bc5 Bxc5 16. Nxc5 Rc8 17. Nxa6 Rc6 18. Nb4 Nxb4 19. cxb4 Rc2 20. Rb1
f5 21. O-O Kf7 22. Rfc1 Rhc8 23. Rxc2 Rxc2 24. b5 e5 25. a4 g5 26. b4 Ke6 27.
Ra1 Rb2 28. b6 axb6 29. a5 bxa5 30. bxa5 Rb7 31. a6 Ra7 32. Ra5 e4 33. Kf1 h6
34. g3 f4 35. Ke2 Kd7 36. Ra4 Kc7 37. h3 Kd7 38. gxf4 gxf4 39. h4 Kd8 40. Rd4+
Kc7 41. Rxe4 Rxa6 42. Kf3 Kd7 43. Kg4 f3 44. Kxf3 Rf6+ 45. Rf4 Rg6 46. Rg4 Rf6+
47. Kg3 Ra6 1/2-1/2

[Event "Memorial Urbanec Miroslav"]
[Site "?"]
[Date "2009.??.??"]
[Round "?"]
[White "Canibal, Jaromír"]
[Black "Schwarz, Jan"]
[Result "1/2-1/2"]
[WhiteElo "2354"]
[BlackElo "2325"]
[PlyCount "33"]
[EventDate "2009.??.??"]
[EventType "corr"]
[SourceDate "2004.06.03"]

1. e4 c6 2. d4 d5 3. exd5 cxd5 4. c4 Nf6 5. Nc3 e6 6. Nf3 Bb4 7. cxd5 Nxd5 8.
Bd2 Nc6 9. Bd3 Be7 10. O-O O-O 11. a3 Nf6 12. Bf4 b6 13. d5 exd5 14. h3 Bb7 15.
Re1 a6 16. Rc1 Re8 17. b4 1/2-1/2

[Event "Memorial Urbanec Miroslav"]
[Site "?"]
[Date "2009.??.??"]
[Round "?"]
[White "Canibal, Jaromír"]
[Black "Sýkora, Josef"]
[Result "0-1"]
[WhiteElo "2354"]
[BlackElo "2364"]
[PlyCount "20"]
[EventDate "2009.??.??"]
[EventType "corr"]
[SourceDate "2004.06.03"]

1. e4 c6 2. d4 d5 3. exd5 cxd5 4. c4 Nf6 5. Nc3 e6 6. Nf3 Bb4 7. cxd5 Nxd5 8.
Qc2 Qc7 9. Be2 Nxc3 10. bxc3 Qxc3+ 0-1

[Event "Memorial Urbanec Miroslav"]
[Site "?"]
[Date "2009.??.??"]
[Round "?"]
[White "Canibal, Jaromír"]
[Black "Valák, Alois"]
[Result "1/2-1/2"]
[WhiteElo "2354"]
[BlackElo "2415"]
[PlyCount "79"]
[EventDate "2009.??.??"]
[EventType "corr"]
[SourceDate "2004.06.03"]

1. e4 c5 2. c3 Nf6 3. e5 Nd5 4. Nf3 Nc6 5. d4 cxd4 6. cxd4 d6 7. Bc4 Nb6 8. Bb5
dxe5 9. Nxe5 Bd7 10. Nxd7 Qxd7 11. Nc3 e6 12. O-O Rd8 13. a4 Nd5 14. Be3 Be7
15. Rc1 O-O 16. Qb3 Nxe3 17. fxe3 Bg5 18. Rce1 a6 19. Bxc6 Qxc6 20. a5 g6 21.
Re2 Kg7 22. Rd1 Rd7 23. Na4 Rd5 24. Nc5 e5 25. Ne4 exd4 26. Nxg5 Rxg5 27. exd4
Rxa5 28. d5 Qc5+ 29. Qe3 Rd8 30. Qxc5 Rxc5 31. d6 Rd7 32. b4 Rc8 33. Re7 Rcd8
34. Rc1 h5 35. Rc4 Rxd6 36. Rf4 Rf6 37. Rxf6 Kxf6 38. Rxb7 Rd4 39. b5 axb5 40.
Rxb5 1/2-1/2

[Event "Memorial Urbanec Miroslav"]
[Site "?"]
[Date "2009.??.??"]
[Round "?"]
[White "Cvak, Rudolf"]
[Black "Dedina, Miroslav"]
[Result "1/2-1/2"]
[WhiteElo "2322"]
[BlackElo "2346"]
[PlyCount "101"]
[EventDate "2009.??.??"]
[EventType "corr"]
[SourceDate "2004.06.03"]

1. e4 e5 2. Nf3 Nc6 3. Bb5 Nf6 4. O-O Nxe4 5. d4 Be7 6. Qe2 Nd6 7. Bxc6 bxc6 8.
dxe5 Nb7 9. Nc3 O-O 10. Re1 Nc5 11. Be3 Ne6 12. Rad1 d5 13. Ne4 a5 14. c3 c5
15. Ng3 c6 16. Nf5 Qc7 17. h4 Re8 18. Qc2 a4 19. b4 axb3 20. axb3 Bf8 21. Ra1
Bd7 22. h5 h6 23. Red1 Reb8 24. Rdb1 Qc8 25. N3h4 Rxa1 26. Rxa1 d4 27. cxd4
cxd4 28. Bxd4 Nxd4 29. Nxd4 c5 30. Ne2 Be6 31. Nf4 Bxb3 32. Qc3 Rb4 33. g3 Qb7
34. Nf3 Bd5 35. Nd2 Qd7 36. Nxd5 Qxd5 37. Rc1 Rd4 38. Nc4 Qe4 39. Qb3 Qg4 40.
Kg2 Qxh5 41. Qb7 Qf5 42. Nd6 Bxd6 43. exd6 g6 44. Qc6 Qd5+ 45. Qxd5 Rxd5 46. d7
Rxd7 47. Rxc5 f5 48. f4 Kf7 49. Rc6 Re7 50. Kf2 Rb7 51. Ra6 1/2-1/2

[Event "Memorial Urbanec Miroslav"]
[Site "?"]
[Date "2009.??.??"]
[Round "?"]
[White "Cvak, Rudolf"]
[Black "Fric, Pavel"]
[Result "1-0"]
[WhiteElo "2322"]
[BlackElo "2433"]
[PlyCount "91"]
[EventDate "2009.??.??"]
[EventType "corr"]
[SourceDate "2004.06.03"]

1. e4 c5 2. Nf3 d6 3. d4 cxd4 4. Nxd4 Nf6 5. Nc3 a6 6. Bc4 e6 7. O-O Be7 8. Be3
O-O 9. Qe2 Nc6 10. Rad1 Qc7 11. Nxc6 bxc6 12. Bf4 Nd7 13. Rfe1 Rd8 14. Rd3 Nb6
15. Bb3 a5 16. Rg3 a4 17. Bc4 Nxc4 18. Qxc4 Ba6 19. Qb4 Rdb8 20. Qa3 e5 21. Bh6
g6 22. b3 d5 23. Qc1 axb3 24. cxb3 Qd6 25. Bg5 f6 26. Bh6 d4 27. Nb1 Kh8 28.
Nd2 Rg8 29. h4 Qe6 30. Qd1 Bb5 31. a4 Ba6 32. f4 Bb4 33. fxe5 Qxe5 34. Rf3 Rad8
35. Qc1 Rc8 36. Bf4 Qa5 37. Bh6 Qh5 38. Bf4 Rge8 39. e5 f5 40. Bg5 Re6 41. Rf4
Be7 42. Bxe7 Rxe7 43. Qc5 Rce8 44. Rxd4 Qh6 45. Qxc6 Re6 46. Qc7 1-0

[Event "Memorial Urbanec Miroslav"]
[Site "?"]
[Date "2009.??.??"]
[Round "?"]
[White "Cvak, Rudolf"]
[Black "Hladecek, Miloslav"]
[Result "1/2-1/2"]
[WhiteElo "2322"]
[BlackElo "2420"]
[PlyCount "107"]
[EventDate "2009.??.??"]
[EventType "corr"]
[SourceDate "2004.06.03"]

1. e4 e6 2. d4 d5 3. Nc3 Nf6 4. e5 Nfd7 5. f4 c5 6. Nf3 Nc6 7. Be3 Qb6 8. Na4
Qa5+ 9. c3 cxd4 10. b4 Nxb4 11. cxb4 Bxb4+ 12. Bd2 Bxd2+ 13. Nxd2 O-O 14. Bd3
b5 15. Nb2 Nb6 16. Ke2 Nc4 17. Qc2 Qa3 18. Rab1 Bd7 19. Nf3 Rac8 20. Nxd4 h6
21. Qc1 Qxa2 22. Rd1 Qa6 23. Nxc4 bxc4 24. Bc2 Ra8 25. Qd2 Rfb8 26. Ra1 Qc8 27.
Qa5 Rb2 28. Kf3 Qb7 29. Rdb1 a6 30. g4 Rxb1 31. Rxb1 Qa7 32. Qb6 Qxb6 33. Rxb6
a5 34. Rb7 Be8 35. f5 a4 36. Bb1 a3 37. Ba2 Ba4 38. Ke3 g6 39. fxe6 fxe6 40.
Rb6 Bb3 41. Nxb3 cxb3 42. Rxb3 Ra4 43. Kf2 Kf7 44. h3 h5 45. Rg3 Ke7 46. Ke2
Kd7 47. gxh5 gxh5 48. Kd1 Kc7 49. Kc2 Re4 50. Rc3+ Kd7 51. Kd2 Rxe5 52. Rxa3
Kd6 53. Ra6+ Ke7 54. Ra3 1/2-1/2

[Event "Memorial Urbanec Miroslav"]
[Site "?"]
[Date "2009.??.??"]
[Round "?"]
[White "Cvak, Rudolf"]
[Black "Kuta, Jirí"]
[Result "0-1"]
[WhiteElo "2322"]
[BlackElo "2423"]
[PlyCount "88"]
[EventDate "2009.??.??"]
[EventType "corr"]
[SourceDate "2004.06.03"]

1. e4 e5 2. Nf3 Nc6 3. Bb5 a6 4. Ba4 Nf6 5. d4 exd4 6. O-O Be7 7. e5 Ne4 8.
Nxd4 O-O 9. Nf5 d5 10. Bxc6 bxc6 11. Nxe7+ Qxe7 12. Re1 Re8 13. f3 Nc5 14. b3
Ne6 15. Qd2 Qc5+ 16. Qf2 Qd4 17. Qxd4 Nxd4 18. Na3 Bf5 19. Be3 Ne6 20. Rad1 h5
21. Kf2 Red8 22. Kg3 a5 23. c3 c5 24. Kh4 Bg6 25. h3 d4 26. cxd4 cxd4 27. Bd2
c5 28. Nc4 Rdb8 29. Nb2 a4 30. Nxa4 c4 31. Ra1 Rxa4 32. bxa4 c3 33. a5 Ra8 34.
Bc1 Rxa5 35. a4 Nc5 36. e6 fxe6 37. Ba3 Nb3 38. Bb4 Nxa1 39. Bxa5 Nb3 40. Bb4
c2 41. a5 Bd3 42. Kxh5 c1=Q 43. Rxc1 Nxc1 44. Kg4 Ne2 0-1

[Event "Memorial Urbanec Miroslav"]
[Site "?"]
[Date "2009.??.??"]
[Round "?"]
[White "Cvak, Rudolf"]
[Black "Nedoma, Petr"]
[Result "0-1"]
[WhiteElo "2322"]
[BlackElo "2375"]
[PlyCount "84"]
[EventDate "2009.??.??"]
[EventType "corr"]
[SourceDate "2004.06.03"]

1. e4 c5 2. Nf3 Nc6 3. d4 cxd4 4. Nxd4 Nf6 5. Nc3 e5 6. Ndb5 d6 7. Bg5 a6 8.
Na3 b5 9. Bxf6 gxf6 10. Nd5 f5 11. Bxb5 axb5 12. Nxb5 Ra4 13. b4 Rxb4 14. Nbc7+
Kd7 15. O-O Rg8 16. Qh5 Qg5 17. Qxf7+ Be7 18. g3 Qg6 19. Qxg6 hxg6 20. Nxb4
Nxb4 21. Rab1 Kxc7 22. Rxb4 d5 23. Rb5 Bb7 24. exf5 Bc6 25. Rb3 gxf5 26. Ra1 d4
27. a4 Bc5 28. a5 Bd5 29. Rb2 f4 30. a6 Ba7 31. Kf1 e4 32. Ra5 Kd6 33. Rb7 Bc4+
34. Kg2 f3+ 35. Kg1 Ra8 36. Ra4 Bd5 37. Rxa7 Rxa7 38. Rxd4 Rxa6 39. Rd1 Ke5 40.
Re1 Ra2 41. Rc1 Bc4 42. h4 e3 0-1

[Event "Memorial Urbanec Miroslav"]
[Site "?"]
[Date "2009.??.??"]
[Round "?"]
[White "Cvak, Rudolf"]
[Black "Pirhala, Ladislav"]
[Result "1/2-1/2"]
[WhiteElo "2322"]
[BlackElo "2370"]
[PlyCount "47"]
[EventDate "2009.??.??"]
[EventType "corr"]
[SourceDate "2004.06.03"]

1. e4 c5 2. Nf3 d6 3. d4 cxd4 4. Nxd4 Nf6 5. Nc3 a6 6. Bc4 e6 7. O-O Be7 8. Be3
Nc6 9. f4 O-O 10. Bb3 Qc7 11. f5 Nxd4 12. Bxd4 b5 13. fxe6 fxe6 14. a3 Bd7 15.
Qe2 Kh8 16. e5 dxe5 17. Bxe5 Qb7 18. Rad1 Bc6 19. Kh1 Nd7 20. Bf4 Nb6 21. Be5
Rxf1+ 22. Rxf1 Nd7 23. Bf4 Bf6 24. Be3 1/2-1/2

[Event "Memorial Urbanec Miroslav"]
[Site "?"]
[Date "2009.??.??"]
[Round "?"]
[White "Cvak, Rudolf"]
[Black "Zahour, Jirí"]
[Result "0-1"]
[WhiteElo "2322"]
[BlackElo "2331"]
[PlyCount "94"]
[EventDate "2009.??.??"]
[EventType "corr"]
[SourceDate "2004.06.03"]

1. e4 e5 2. Nf3 Nc6 3. Bb5 a6 4. Ba4 Nf6 5. d4 exd4 6. O-O Be7 7. e5 Ne4 8.
Nxd4 O-O 9. Nf5 d5 10. Bxc6 bxc6 11. Nxe7+ Qxe7 12. Re1 Re8 13. f3 Nd6 14. Bf4
Nf5 15. Qd2 a5 16. Na3 h6 17. Rab1 d4 18. Qd3 Be6 19. Nc4 a4 20. Rbd1 Qb4 21.
b3 axb3 22. axb3 Ra2 23. Bd2 Qb5 24. Ra1 Rea8 25. Rxa2 Rxa2 26. Kf2 c5 27. Re2
Ne7 28. g4 Ng6 29. Bc1 Qd7 30. h3 Qd5 31. Kg1 h5 32. Kh2 hxg4 33. hxg4 Qd8 34.
g5 Ra1 35. Qd2 Nh4 36. Rf2 Bd5 37. Qf4 Nxf3+ 38. Kg3 Rxc1 39. Qxc1 Nxg5 40. Nd2
Qe7 41. Re2 Qe6 42. Qf1 Qg6 43. Kh2 Qh5+ 44. Kg3 Ne6 45. Nf3 Qg6+ 46. Kh2 Qg4
47. Ng1 Nf4 0-1

[Event "Memorial Urbanec Miroslav"]
[Site "?"]
[Date "2009.??.??"]
[Round "?"]
[White "Dedina, Miroslav"]
[Black "Canibal, Jaromír"]
[Result "1-0"]
[WhiteElo "2346"]
[BlackElo "2354"]
[PlyCount "83"]
[EventDate "2009.??.??"]
[EventType "corr"]
[SourceDate "2004.06.03"]

1. e4 e5 2. Nc3 Nf6 3. Nf3 d6 4. d4 Nbd7 5. Bc4 Be7 6. O-O O-O 7. Re1 c6 8. a4
b6 9. h3 Qc7 10. Ba2 a5 11. Nh4 exd4 12. Nf5 Nc5 13. Nxe7+ Qxe7 14. Qxd4 Be6
15. Bf4 Rad8 16. Nd5 cxd5 17. exd5 Nxd5 18. Bxd5 Qd7 19. b3 Rfe8 20. Rad1 h6
21. Kh2 Bxd5 22. Qxd5 Rxe1 23. Rxe1 Rc8 24. Qxd6 Qxd6 25. Bxd6 Ne6 26. c4 Nd4
27. Rb1 Rc6 28. Bg3 Kf8 29. f3 Ke8 30. Bf2 Rd6 31. h4 g6 32. h5 Ne6 33. Re1 Kd7
34. Re5 Nd4 35. Bxd4 Rxd4 36. g4 gxh5 37. gxh5 Rd3 38. Rb5 Rd6 39. Kg3 Rc6 40.
Kf4 Kd8 41. Ke5 Kc7 42. Rd5 1-0

[Event "Memorial Urbanec Miroslav"]
[Site "?"]
[Date "2009.??.??"]
[Round "?"]
[White "Dedina, Miroslav"]
[Black "Fric, Pavel"]
[Result "1/2-1/2"]
[WhiteElo "2346"]
[BlackElo "2433"]
[PlyCount "61"]
[EventDate "2009.??.??"]
[EventType "corr"]
[SourceDate "2004.06.03"]

1. e4 c5 2. Nf3 d6 3. d4 cxd4 4. Nxd4 Nf6 5. Nc3 a6 6. Bg5 e6 7. f4 Qb6 8. Qd2
Qxb2 9. Rb1 Qa3 10. e5 dxe5 11. fxe5 Nfd7 12. Ne4 h6 13. Bh4 Qxa2 14. Rd1 Qd5
15. Qe3 Qxe5 16. Be2 Bc5 17. Bg3 Bxd4 18. Rxd4 Qa5+ 19. Rd2 O-O 20. Bd6 Rd8 21.
Qg3 Nc6 22. Bc7 Qa1+ 23. Rd1 Qb2 24. Nd6 Rf8 25. Nxc8 Raxc8 26. Rxd7 Qxc2 27.
Bf4 Rfd8 28. Bxh6 Qb1+ 29. Rd1 Rxd1+ 30. Bxd1 Qe4+ 31. Be2 1/2-1/2

[Event "Memorial Urbanec Miroslav"]
[Site "?"]
[Date "2009.??.??"]
[Round "?"]
[White "Dedina, Miroslav"]
[Black "Hladecek, Miloslav"]
[Result "1/2-1/2"]
[WhiteElo "2346"]
[BlackElo "2420"]
[PlyCount "59"]
[EventDate "2009.??.??"]
[EventType "corr"]
[SourceDate "2004.06.03"]

1. e4 e6 2. d4 d5 3. Nd2 c5 4. Ngf3 Nf6 5. exd5 exd5 6. Bb5+ Bd7 7. Bxd7+ Nbxd7
8. O-O Be7 9. dxc5 Nxc5 10. Re1 O-O 11. Nf1 Re8 12. Be3 Bd6 13. c3 Qd7 14. Qc2
Ne6 15. Rad1 a6 16. g3 h6 17. Bb6 Qc6 18. Bd4 Nxd4 19. Nxd4 Qd7 20. Ne3 g6 21.
Qe2 Kg7 22. Ndc2 Rad8 23. Qf3 Qa4 24. Kg2 Re5 25. b3 Qe4 26. Qxe4 Rxe4 27. Kf1
Bc5 28. Rd3 Ba7 29. f3 Re6 30. Nd4 1/2-1/2

[Event "Memorial Urbanec Miroslav"]
[Site "?"]
[Date "2009.??.??"]
[Round "?"]
[White "Dedina, Miroslav"]
[Black "Kýhos, Alois"]
[Result "1/2-1/2"]
[WhiteElo "2346"]
[BlackElo "2402"]
[PlyCount "62"]
[EventDate "2009.??.??"]
[EventType "corr"]
[SourceDate "2004.06.03"]

1. e4 e5 2. Nc3 Nf6 3. Nf3 Nc6 4. Bb5 Bb4 5. O-O O-O 6. d3 d6 7. Bg5 Bxc3 8.
bxc3 Qe7 9. d4 h6 10. Bh4 a6 11. Bxc6 bxc6 12. Re1 Qe6 13. Bxf6 Qxf6 14. Rb1
exd4 15. cxd4 Bg4 16. Rb3 Rfb8 17. Rc3 Rb6 18. h3 Be6 19. Ra3 Qg6 20. Qd3 a5
21. d5 Bd7 22. Nd2 cxd5 23. Qxd5 Bc6 24. Qd4 Rb4 25. Qa1 f6 26. Rg3 Qf7 27. Qc3
Bb7 28. a3 Rb5 29. Qd3 Bc6 30. Qd4 a4 31. Rc3 Ra6 1/2-1/2

[Event "Memorial Urbanec Miroslav"]
[Site "?"]
[Date "2009.??.??"]
[Round "?"]
[White "Dedina, Miroslav"]
[Black "Nedoma, Petr"]
[Result "1-0"]
[WhiteElo "2346"]
[BlackElo "2375"]
[PlyCount "99"]
[EventDate "2009.??.??"]
[EventType "corr"]
[SourceDate "2004.06.03"]

1. e4 c5 2. Nf3 Nc6 3. d4 cxd4 4. Nxd4 Nf6 5. Nc3 e5 6. Ndb5 d6 7. Bg5 a6 8.
Na3 b5 9. Bxf6 gxf6 10. Nd5 f5 11. Bd3 Be6 12. O-O Bg7 13. Qh5 h6 14. c3 O-O
15. Nc2 Qg5 16. Qxg5 hxg5 17. Nce3 f4 18. Nf5 Ra7 19. a4 bxa4 20. Rxa4 Rb8 21.
Rb1 Bxf5 22. exf5 Ne7 23. Nxe7+ Rxe7 24. Be4 Ra7 25. b4 Bf6 26. b5 d5 27. Bxd5
Rd7 28. Bc6 Rd3 29. Rxa6 Rxc3 30. h4 Kg7 31. Be4 Rc4 32. f3 Rd4 33. Rc6 g4 34.
b6 g3 35. Kf1 Rd2 36. b7 Rf2+ 37. Kg1 Rd8 38. Rc2 Rxc2 39. Bxc2 Rb8 40. h5 Kh6
41. Be4 Kxh5 42. Rc1 Be7 43. Rc7 Bb4 44. Rxf7 Kg5 45. Rd7 Bc5+ 46. Kf1 Bb4 47.
Ke2 Kf6 48. Kd3 Bc5 49. Kc4 Be7 50. Kb5 1-0

[Event "Memorial Urbanec Miroslav"]
[Site "?"]
[Date "2009.??.??"]
[Round "?"]
[White "Dedina, Miroslav"]
[Black "Novák, Vratislav"]
[Result "1-0"]
[WhiteElo "2346"]
[BlackElo "2311"]
[PlyCount "67"]
[EventDate "2009.??.??"]
[EventType "corr"]
[SourceDate "2004.06.03"]

1. e4 c6 2. d4 d5 3. Nc3 h6 4. Nf3 dxe4 5. Nxe4 Nf6 6. Nxf6+ exf6 7. Bd3 Bd6 8.
O-O O-O 9. c4 Re8 10. Bd2 Be6 11. Re1 Nd7 12. Nh4 Bf8 13. Bc3 Nb6 14. b3 a5 15.
a4 g6 16. Qd2 f5 17. Nf3 Bg7 18. Re3 Nd7 19. Rae1 Nf6 20. Ne5 Qd6 21. f4 b6 22.
h3 Rad8 23. g4 Bc8 24. gxf5 Bxf5 25. Bxf5 gxf5 26. Rg3 Kf8 27. Kh2 Ne4 28. Rxe4
fxe4 29. Qg2 Bxe5 30. fxe5 Qd7 31. Qxe4 Re6 32. Qf4 Qe7 33. Rg2 Qc7 34. b4 1-0

[Event "Memorial Urbanec Miroslav"]
[Site "?"]
[Date "2009.??.??"]
[Round "?"]
[White "Dedina, Miroslav"]
[Black "Valák, Alois"]
[Result "1/2-1/2"]
[WhiteElo "2346"]
[BlackElo "2415"]
[PlyCount "65"]
[EventDate "2009.??.??"]
[EventType "corr"]
[SourceDate "2004.06.03"]

1. e4 c5 2. Nf3 Nc6 3. d4 cxd4 4. Nxd4 Nf6 5. Nc3 e6 6. Ndb5 d6 7. Bf4 e5 8.
Bg5 a6 9. Na3 b5 10. Nd5 Be7 11. Bxf6 Bxf6 12. c4 b4 13. Nc2 O-O 14. Be2 Bg5
15. Qd3 Be6 16. O-O Rb8 17. b3 g6 18. Rad1 Re8 19. h3 Kg7 20. Bg4 h5 21. Bxe6
fxe6 22. Nde3 Qb6 23. Ne1 Rf8 24. Nf3 Be7 25. Nc2 a5 26. Nce1 a4 27. Qe2 axb3
28. axb3 Ra8 29. Nd3 Ra3 30. c5 Qb5 31. cxd6 Bxd6 32. Qd2 Be7 33. Nc1 1/2-1/2

[Event "Memorial Urbanec Miroslav"]
[Site "?"]
[Date "2009.??.??"]
[Round "?"]
[White "Fric, Pavel"]
[Black "Canibal, Jaromír"]
[Result "1-0"]
[WhiteElo "2433"]
[BlackElo "2354"]
[PlyCount "55"]
[EventDate "2009.??.??"]
[EventType "corr"]
[SourceDate "2004.06.03"]

1. e4 e5 2. Nf3 Nc6 3. Bb5 a6 4. Ba4 Nf6 5. O-O Be7 6. Re1 b5 7. Bb3 O-O 8. h3
Bb7 9. d3 h6 10. Nc3 Bc5 11. Bd2 d6 12. Ne2 a5 13. a4 b4 14. Ng3 Bc8 15. Be3
Bxe3 16. fxe3 Nb8 17. Rf1 g6 18. Nh4 Kh7 19. Qe2 Nfd7 20. Nf3 Qe7 21. Rf2 Nc5
22. Bc4 Nbd7 23. Raf1 f6 24. Bd5 Rb8 25. b3 Nb6 26. Bc6 Bd7 27. Nh4 Rg8 28.
Rxf6 1-0

[Event "Memorial Urbanec Miroslav"]
[Site "?"]
[Date "2009.??.??"]
[Round "?"]
[White "Fric, Pavel"]
[Black "Hladecek, Miloslav"]
[Result "1-0"]
[WhiteElo "2433"]
[BlackElo "2420"]
[PlyCount "75"]
[EventDate "2009.??.??"]
[EventType "corr"]
[SourceDate "2004.06.03"]

1. d4 Nf6 2. c4 c5 3. d5 d6 4. Nc3 g6 5. e4 Bg7 6. Bd3 O-O 7. h3 Nfd7 8. Nf3
Ne5 9. Nxe5 Bxe5 10. O-O Nd7 11. Qc2 a6 12. Bh6 Re8 13. f4 Bd4+ 14. Kh1 Qb6 15.
a4 Kh8 16. a5 Qc7 17. Ne2 Bg7 18. Bxg7+ Kxg7 19. Qc3+ Kg8 20. Ng1 b5 21. Nf3
bxc4 22. Bxc4 Nf6 23. Rae1 Rf8 24. f5 gxf5 25. exf5 Nh5 26. Nh2 f6 27. Ng4 Kh8
28. Nh6 Qd7 29. Re4 Ra7 30. Qe3 Ng7 31. b4 Qa4 32. Rf3 Qa1+ 33. Kh2 Qb2 34.
Rff4 Nxf5 35. Nxf5 Bxf5 36. Rxf5 Rc7 37. Rg4 Rf7 38. Bxa6 1-0

[Event "Memorial Urbanec Miroslav"]
[Site "?"]
[Date "2009.??.??"]
[Round "?"]
[White "Fric, Pavel"]
[Black "Kýhos, Alois"]
[Result "1/2-1/2"]
[WhiteElo "2433"]
[BlackElo "2402"]
[PlyCount "116"]
[EventDate "2009.??.??"]
[EventType "corr"]
[SourceDate "2004.06.03"]

1. e4 e5 2. Nf3 Nc6 3. d4 exd4 4. Nxd4 Bc5 5. Be3 Qf6 6. c3 Nge7 7. Bc4 Ne5 8.
Be2 Qg6 9. O-O d6 10. f3 O-O 11. Nd2 d5 12. f4 Qh6 13. Qe1 dxe4 14. Nxe4 Bb6
15. Qf2 N5c6 16. Nb5 Bxe3 17. Qxe3 Bf5 18. Ng3 Rfc8 19. Bf3 Be6 20. Rfe1 a6 21.
Nd4 Nxd4 22. Qxd4 c6 23. Qc5 Nd5 24. f5 Bd7 25. Ne4 Re8 26. c4 Nf6 27. Nd6
Rxe1+ 28. Rxe1 Qf4 29. Rd1 h6 30. b3 Rb8 31. Qa7 Rf8 32. Qd4 Qxd4+ 33. Rxd4 c5
34. Rd2 b6 35. g4 Rb8 36. Ne4 Nxe4 37. Bxe4 Be8 38. Rd6 f6 39. Bc6 Bxc6 40.
Rxc6 h5 41. gxh5 Kh7 42. Kf2 Kh6 43. Kg3 Kxh5 44. Kf4 Kh6 45. a4 Kh5 46. Rd6 b5
47. Rd7 Kh6 48. Rc7 bxc4 49. bxc4 Rb2 50. Rxc5 Rxh2 51. Ke4 Kg5 52. Rc7 Re2+
53. Kd5 Rd2+ 54. Kc6 Ra2 55. c5 Kxf5 56. Rxg7 Rxa4 57. Kd5 Ra2 58. c6 Rd2+
1/2-1/2

[Event "Memorial Urbanec Miroslav"]
[Site "?"]
[Date "2009.??.??"]
[Round "?"]
[White "Fric, Pavel"]
[Black "Nedoma, Petr"]
[Result "1/2-1/2"]
[WhiteElo "2433"]
[BlackElo "2375"]
[PlyCount "126"]
[EventDate "2009.??.??"]
[EventType "corr"]
[SourceDate "2004.06.03"]

1. d4 Nf6 2. c4 e6 3. Nc3 d5 4. Nf3 c6 5. Bg5 Nbd7 6. cxd5 exd5 7. e3 Qa5 8.
Bd3 Ne4 9. O-O Nxg5 10. Nxg5 Nf6 11. Re1 Be7 12. Qc2 g6 13. f4 O-O 14. Nf3 c5
15. Qd2 c4 16. Bc2 Rd8 17. a3 Be6 18. Rf1 Nh5 19. Ne5 Ng7 20. h3 Rac8 21. Ng4
Nf5 22. Bxf5 gxf5 23. Nh2 Kh8 24. Nf3 Rg8 25. a4 Rg6 26. Kh2 Rcg8 27. Rg1 Bb4
28. Qc2 Re8 29. Nh4 Rf6 30. Rge1 Bd7 31. Kg1 Kg7 32. Kf2 Rg8 33. Rg1 Kh8 34.
Ne2 Be7 35. Nf3 Ra6 36. Ne5 Be6 37. g4 fxg4 38. hxg4 f6 39. Rh1 Rg7 40. Ng6+
Kg8 41. Nxe7+ Rxe7 42. f5 Bd7 43. Qc3 Rg7 44. Qxa5 Rxa5 45. Kf3 Rxa4 46. Rxa4
Bxa4 47. Ra1 Be8 48. Nf4 a6 49. Nxd5 Bc6 50. e4 Bxd5 51. exd5 Rd7 52. Ra4 Rxd5
53. Rxc4 Rb5 54. Rc8+ Kg7 55. Rc7+ Kg8 56. Ke4 a5 57. Rc5 Rxb2 58. Rxa5 Rg2 59.
Kf3 Rd2 60. Ke3 Rg2 61. Ra8+ Kg7 62. d5 Rg1 63. Rb8 Rb1 1/2-1/2

[Event "Memorial Urbanec Miroslav"]
[Site "?"]
[Date "2009.??.??"]
[Round "?"]
[White "Fric, Pavel"]
[Black "Novák, Vratislav"]
[Result "1-0"]
[WhiteElo "2433"]
[BlackElo "2311"]
[PlyCount "219"]
[EventDate "2009.??.??"]
[EventType "corr"]
[SourceDate "2004.06.03"]

1. e4 c5 2. Nf3 Nc6 3. d4 cxd4 4. Nxd4 Nf6 5. Nc3 e5 6. Ndb5 d6 7. Bg5 a6 8.
Na3 Rb8 9. Nc4 b5 10. Ne3 Be7 11. a4 b4 12. Bxf6 Bxf6 13. Ncd5 Bg5 14. Bc4 O-O
15. O-O a5 16. Qd3 Nd4 17. Nf5 Nxf5 18. exf5 Qd7 19. f4 exf4 20. f6 g6 21. h4
Bxh4 22. Rxf4 Bg5 23. Raf1 Kh8 24. Qg3 h6 25. Kh2 Rb7 26. Re4 Qd8 27. Ne7 d5
28. Bxd5 Rc7 29. Re5 Bf5 30. Nxf5 Bxf6 31. Ne3 Bxe5 32. Qxe5+ Kh7 33. Bb3 Qh4+
34. Kg1 Re7 35. Qc5 h5 36. Rf3 Qe1+ 37. Nf1 Qe5 38. Qxe5 Rxe5 39. Nd2 Kg7 40.
Rf4 Rc5 41. Rd4 Rfc8 42. Bc4 Kf8 43. Bd3 Ke7 44. Re4+ Kf6 45. Nb3 Rg5 46. Rd4
Ke7 47. Kh2 Rc7 48. Rc4 Rd7 49. Rc6 Ra7 50. Kg1 Kd7 51. Rf6 Ke7 52. Rb6 Kf8 53.
Kf2 Kg7 54. Nd2 h4 55. b3 Rh5 56. Rb5 Kh6 57. Be2 Rg5 58. Nf3 Rh5 59. Nh2 Rf5+
60. Rxf5 gxf5 61. Nf3 Kh5 62. g3 hxg3+ 63. Kxg3 Kg6 64. Bd3 Kf6 65. Kf4 Ke6 66.
Nd4+ Kd5 67. Nxf5 Kc5 68. Kg5 Rb7 69. Kf6 Rc7 70. Ne3 Ra7 71. Ng4 Rc7 72. Ne5
Kd5 73. Nxf7 Rc6+ 74. Kf5 Rc8 75. Be4+ Kc5 76. Kf6 Re8 77. Bf5 Kd5 78. Bd3 Re6+
79. Kf5 Re3 80. Bc4+ Kc5 81. Nd8 Re7 82. Bb5 Kb6 83. Ne6 Rf7+ 84. Ke5 Rh7 85.
Nf4 Rh6 86. Bd3 Rh8 87. Bf5 Rd8 88. Nd5+ Kc6 89. Be4 Kc5 90. Ne3 Re8+ 91. Kf4
Kd4 92. Nf5+ Kc5 93. Bd3 Rf8 94. Bc4 Re8 95. Bf1 Rh8 96. Be2 Rh2 97. Bd3 Rh8
98. Ne3 Kd4 99. Nc4 Ra8 100. Kf5 Ra6 101. Be2 Rc6 102. Bf3 Ra6 103. Ne5 Kc3
104. Bb7 Rh6 105. Be4 Rh5+ 106. Ke6 Kd4 107. Bf5 Rh6+ 108. Bg6 Kc5 109. Ke7 Rh8
110. Nc4 1-0